<?xml version="1.0" encoding="UTF-8"?><?xml-stylesheet type="text/xsl" href="static/style.xsl"?><OAI-PMH xmlns="http://www.openarchives.org/OAI/2.0/" xmlns:xsi="http://www.w3.org/2001/XMLSchema-instance" xsi:schemaLocation="http://www.openarchives.org/OAI/2.0/ http://www.openarchives.org/OAI/2.0/OAI-PMH.xsd"><responseDate>2026-04-13T03:01:01Z</responseDate><request verb="GetRecord" identifier="oai:www.recercat.cat:2445/209426" metadataPrefix="marc">https://recercat.cat/oai/request</request><GetRecord><record><header><identifier>oai:recercat.cat:2445/209426</identifier><datestamp>2026-04-09T18:13:07Z</datestamp><setSpec>com_2072_1057</setSpec><setSpec>col_2072_478813</setSpec><setSpec>col_2072_478917</setSpec></header><metadata><record xmlns="http://www.loc.gov/MARC21/slim" xmlns:dcterms="http://purl.org/dc/terms/" xmlns:xsi="http://www.w3.org/2001/XMLSchema-instance" xmlns:doc="http://www.lyncode.com/xoai" xsi:schemaLocation="http://www.loc.gov/MARC21/slim http://www.loc.gov/standards/marcxml/schema/MARC21slim.xsd">
   <leader>00925njm 22002777a 4500</leader>
   <datafield ind2=" " ind1=" " tag="042">
      <subfield code="a">dc</subfield>
   </datafield>
   <datafield ind2=" " ind1=" " tag="720">
      <subfield code="a">Cassiano, C.Z.C.</subfield>
      <subfield code="e">author</subfield>
   </datafield>
   <datafield ind2=" " ind1=" " tag="720">
      <subfield code="a">Soares, Karla Lírio</subfield>
      <subfield code="e">author</subfield>
   </datafield>
   <datafield ind2=" " ind1=" " tag="720">
      <subfield code="a">Batista, P.B.</subfield>
      <subfield code="e">author</subfield>
   </datafield>
   <datafield ind2=" " ind1=" " tag="720">
      <subfield code="a">Marques, S.</subfield>
      <subfield code="e">author</subfield>
   </datafield>
   <datafield ind2=" " ind1=" " tag="720">
      <subfield code="a">Júnior, M.R.M.</subfield>
      <subfield code="e">author</subfield>
   </datafield>
   <datafield ind2=" " ind1=" " tag="720">
      <subfield code="a">Junior, S.B.</subfield>
      <subfield code="e">author</subfield>
   </datafield>
   <datafield ind2=" " ind1=" " tag="720">
      <subfield code="a">Núñez Burcio, Oscar</subfield>
      <subfield code="e">author</subfield>
   </datafield>
   <datafield ind2=" " ind1=" " tag="720">
      <subfield code="a">Fronza, M.</subfield>
      <subfield code="e">author</subfield>
   </datafield>
   <datafield ind2=" " ind1=" " tag="720">
      <subfield code="a">Endringer, D.C.</subfield>
      <subfield code="e">author</subfield>
   </datafield>
   <datafield ind2=" " ind1=" " tag="720">
      <subfield code="a">Scherer, Rodrigo</subfield>
      <subfield code="e">author</subfield>
   </datafield>
   <datafield ind2=" " ind1=" " tag="260">
      <subfield code="c">2024-04-05T13:53:02Z</subfield>
   </datafield>
   <datafield ind2=" " ind1=" " tag="260">
      <subfield code="c">2024-04-05T13:53:02Z</subfield>
   </datafield>
   <datafield ind2=" " ind1=" " tag="260">
      <subfield code="c">2024-02-23</subfield>
   </datafield>
   <datafield ind2=" " ind1=" " tag="260">
      <subfield code="c">2024-04-05T13:53:07Z</subfield>
   </datafield>
   <datafield ind2=" " ind1=" " tag="520">
      <subfield code="a">Psidium myrtoides fruits food industries produce by-products such as liqueurs, ice cream, jellies, and juices. However, there needs to be more information about the nutritional composition of fruits, as well as the biological potential, mainly of seed flour. Therefore, the present study aimed to evaluate the nutritional composition and antioxidant and cancer chemopreventive activities of pulp and seed of fruits ofPsidium myrtoides. Moisture content, total minerals and mineral profile, total lipids and fatty acids profile, total proteins, dietary fiber (soluble and insoluble) and total carbohydrates were analyzed. Vitamins C and complex B, organic acids and the profile of phenolic compounds were also determined. DPPH and ABTS methods evaluated the antioxidant activity, and cancer chemopreventive activity was evaluated by quinonereductase induction and NF-κB inhibitory activity. The fruits are a good source of thiamine, iron, phosphorus, potassium, fiber, and protein.Linoleic acid was the major fatty acid in both pulp and seed. Quercetin (1600 μg/100g) and pyrogallol (819 μg/100g) were the major phenolic compounds pulp and seed, respectively. The fruits showed strong antioxidant capacity, mainly the seeds, and the ability to induce quinone reductase activity, highlighting a cancer chemopreventive activity. Seed flour has a high potential to enrich food, in addition to valuing agroindustrial by-products, where we can highlight 25%, 13% and 37% of the recommended daily intake for iron (1.6 mg/100g), phosphorus (58 mg/100g) and vitamin B1 (450 μg/100g), respectively, in addition to antioxidant and cancer chemopreventive activities.</subfield>
   </datafield>
   <datafield tag="653" ind2=" " ind1=" ">
      <subfield code="a">Vitamines</subfield>
   </datafield>
   <datafield tag="653" ind2=" " ind1=" ">
      <subfield code="a">Càncer</subfield>
   </datafield>
   <datafield tag="653" ind2=" " ind1=" ">
      <subfield code="a">Antioxidants</subfield>
   </datafield>
   <datafield tag="653" ind2=" " ind1=" ">
      <subfield code="a">Vitamins</subfield>
   </datafield>
   <datafield tag="653" ind2=" " ind1=" ">
      <subfield code="a">Cancer</subfield>
   </datafield>
   <datafield tag="653" ind2=" " ind1=" ">
      <subfield code="a">Antioxidants</subfield>
   </datafield>
   <datafield ind2="0" ind1="0" tag="245">
      <subfield code="a">Nutritional composition and antioxidant and cancer chemopreventive activites of fruits of Psdium myrtoides (O. Berg)</subfield>
   </datafield>
</record></metadata></record></GetRecord></OAI-PMH>